000 00675nam a2200205 i 4500
001 87200
003 ES-MaACL
007 t|
008 041220s1974 ag ||||1| spa d
100 1 _aKneller, George E.
_968333
245 1 0 _aIntroducción a la antropología educacional /
_cGeorge E. Kneller ; [versión de Marcelo Pérez Rivas].
250 _a[1ª ed.].
260 _aBuenos Aires :
_bPaidós,
_c[1974]
300 _a206 p. ;
_c20 cm.
490 1 _aBiblioteca del educador contemporáneo
700 1 _aPérez Rivas, Marcelo.
_991112
830 0 _aBiblioteca del educador contemporáneo
_9231775
852 _aES-MaACL
_jE-6375
_bR.90399
999 _c87200
_d87200